000 00929nam a2200253Ia 4500
003 OSt
005 20220923225434.0
006 a|||||r|||| 00| 0
007 ta
008 220922b |||||||| |||| 00| 0 hin d
024 _a268,161
037 _cTextual
040 _aARTS
_cARTS
_bhin
041 _2hin
_ahin
082 _aO15:gx1,1, 152N0
100 _aद्विवेदी, भारतेन्दु
_9156299
245 0 _aनाट्यशास्त्र में आ›िक अभिनय
246 _aNāṭyashāstra mean ā›ik abhinaya
260 _aवाराणसी
_b विश्वभारती अनुसन्धान परिषद्
_c1990
300 _a342पृ.
_ccm.
650 _aसंस्कृत साहित्य
942 _hO15:gx1,1, 152N0
_cTEXL
_2CC
999 _c378314
_d378314